On This Day: August 3rd II Quiz Stats

 Plays Quiz Updated Aug 3, 2018

Score 0/7 Timer 03:00
0 Plays Today
Question Answer Wrong Answers
Often considered the first American intercollegiate athletic event, Harvard defeats ______ in a boat race.
1852
Yale
85.3%
Princeton
11.9%
Brown
1.4%
Columbia
1.4%
This American football player, who won 5 Super Bowls, all with the New England Patriots, is born.
1977
Tom Brady
84%
Joe Montana
5.5%
Aaron Rodgers
1.5%
Peyton Manning
8%
This Western film starring Clint Eastwood and Morgan Freeman, which would eventually win an Academy Award for Best Picture, premieres in Los Angeles.
1992
Unforgiven
79.6%
Dances with Wolves
5.3%
Tombstone
7.8%
Desperado
6.1%
The pedestal of the ______ reopens after being closed since the September 11 attacks.
2004
Statue of Liberty
79.3%
Peace Monument
5.8%
Lincoln Memorial
3.4%
Empire State Building
10.2%
Hassan Rouhani assumes office as President of ______.
2013
Iran
62.1%
Iraq
25.7%
Israel
5.2%
Indonesia
5.7%
In the early morning hours, Vice President Calvin Coolidge takes the Presidential Oath following the death of President ______.
1923
Warren G. Harding
54.1%
Herbert Hoover
10.3%
Benjamin Harrison
5.8%
William McKinley
29%
Germany declares war on France in response to their mobilization of troops to support their ______ ally Russia.
1914
Triple Entente
34.4%
Triple Alliance
28.9%
Central Power
11%
Axis Power
25.3%

You're not logged in!

Compare scores with friends on all Sporcle quizzes.
OR
Log In

Sporcle TV

Today on Sporcle TV


Watch our educational content, quiz creation guides, and fun videos on Sporcle TV.

Show Comments

Extras

Top Quizzes Today


Score Distribution

Your Account Isn't Verified!

In order to create a playlist on Sporcle, you need to verify the email address you used during registration. Go to your Sporcle Settings to finish the process.

Report this User

Report this user for behavior that violates our Community Guidelines.

Details: